LIBRARY & INFORMATION CENTRE, KCAET, TAVANUR

ONLINE PUBLIC ACCESS CATALOGUE (OPAC)

Remote sensing of Drought : Innovative Monitoring Approaches (Record no. 14373)

MARC details
000 -LEADER
fixed length control field 00411nam a22001577a 4500
020 ## - INTERNATIONAL STANDARD BOOK NUMBER
ISBN 9781439835579
082 ## - DEWEY DECIMAL CLASSIFICATION NUMBER
Classification number 551.5773
100 ## - MAIN ENTRY--AUTHOR NAME
Personal name WAR/RE
245 ## - TITLE STATEMENT
Title Remote sensing of Drought : Innovative Monitoring Approaches
260 ## - PUBLICATION, DISTRIBUTION, ETC. (IMPRINT)
Place of publication New York
Name of publisher CRC Press
Year of publication 2012
300 ## - PHYSICAL DESCRIPTION
Number of Pages 422
700 ## - ADDED ENTRY--PERSONAL NAME
Personal name Wardlow,Brian D.
700 ## - ADDED ENTRY--PERSONAL NAME
Personal name Anderson,Martha C.
700 ## - ADDED ENTRY--PERSONAL NAME
Personal name Verdin,James P.
942 ## - ADDED ENTRY ELEMENTS (KOHA)
Koha item type Books
Holdings
Withdrawn status Lost status Damaged status Home library Current library Shelving location Date acquired Source of acquisition Cost, normal purchase price Full call number Accession Number Koha item type
      KAUAET KAUAET General Stacks 25/06/2016 Scientific Book Centre Kochi 7912.10 551.5773 WAR/RE 23966 Books
free website counter